Представление документа в формате MARC21

Поле Инд. ПП Название Значение
Тип записи a
Библиографический уровень b
001 Контрольный номер RU/IS/BASE/387568129
005 Дата корректировки 20200522191520.3
008 Кодируемые данные 20120412
084 a Индекс другой классификации/Индекс ББК 65.291.2; 65.052.8
100 1_ a Автор Мездриков Ю.
100 1_ a Автор Мущак А.
245 a Заглавие Нормативное регулирование проведения обязательного аудита автономных образовательных учреждений
504 a Библиография Библиогр.
520 a Аннотация Рассматриваются основные требования законодательства России, которые необходимо учитывать при проведении обязательного аудита автономных образовательных учреждений. Исследуется специфика деятельности автономных образовательных учреждений и на этой основе определены особенности обязательного аудита данных учреждений.
650 a Основная рубрика аудит
a Основная рубрика менеджмент (управление предприятием)
a Основная рубрика экономика
a Основная рубрика экономика предприятия
653 a Ключевые слова автономные образовательные учреждения
a Ключевые слова автономные учреждения
a Ключевые слова бюджетная отчетность
a Ключевые слова высшее учебное заведение (вуз)
a Ключевые слова законодательство
a Ключевые слова нормативное регулирование
a Ключевые слова образование
a Ключевые слова обязательный аудит
a Ключевые слова оценка эффективности управления
a Ключевые слова Россия
a Ключевые слова эффективность управления
773 t Заглавие источника РИСК: ресурсы, информация, снабжение, конкуренция
d Дата издания источника 2011
g Прочая информация № 4. - С. 722 - 724
w Контрольный № источника RU/IS/BASE/384345860
901 t Тип документа b